Guidelines for the use of GNSS in land surveying and mapping (Record no. 121504)
[ view plain ]
| 000 -LEADER | |
|---|---|
| fixed length control field | 03026cad a22003735a 4500 |
| 005 - DATE AND TIME OF LATEST TRANSACTION | |
| control field | 20241206152037.0 |
| 008 - FIXED-LENGTH DATA ELEMENTS--GENERAL INFORMATION | |
| fixed length control field | 230523e20230516xxk fo 000 0 eng d |
| 020 ## - INTERNATIONAL STANDARD BOOK NUMBER | |
| International Standard Book Number | 978178321498 |
| 041 0# - LANGUAGE CODE | |
| Language code of text/sound track or separate title | eng |
| 100 ## - MAIN ENTRY--PERSONAL NAME | |
| Personal name | Pearson, Christopher |
| 110 2# - MAIN ENTRY--CORPORATE NAME | |
| Corporate name or jurisdiction name as entry element | Royal Institution of Chartered Surveyors |
| 9 (RLIN) | 4900 |
| 245 00 - TITLE STATEMENT | |
| Title | Guidelines for the use of GNSS in land surveying and mapping |
| Medium | [electronic resource] |
| 250 ## - EDITION STATEMENT | |
| Edition statement | 3rd ed. |
| 260 ## - PUBLICATION, DISTRIBUTION, ETC. | |
| Place of publication, distribution, etc. | London, |
| Name of publisher, distributor, etc. | RICS, |
| Date of publication, distribution, etc. | 16 May 2023 |
| 300 ## - PHYSICAL DESCRIPTION | |
| Extent | 63p. |
| Dimensions | 30cm. |
| 490 #0 - SERIES STATEMENT | |
| Series statement | RICS Professional Standard |
| 490 #0 - SERIES STATEMENT | |
| Series statement | RICS Professional Standard Global |
| 520 ## - SUMMARY, ETC. | |
| Summary, etc. | This third edition of the Use of GNSS in surveying and mapping has been prepared by RICS in partnership with Newcastle University, and with the help of an extensive expert peer review process. The standard forms part of a series of standards and best practice intended to assist all those connected with the requesting, purchase and production of surveys and mapping data at all scales, by spreading good practice and seeking to avoid duplication of effort.<br/><br/>This document has been written primarily with two goals in mind:<br/><br/>1) to provide the surveyor with a set of practical operational guidelines, which can be used when undertaking any survey that includes GNSS techniques. Sufficient information is also included to allow the surveyor to generate a set of GNSS survey procedures applicable to a survey task required by the client<br/>2) to provide the client, or purchaser of spatial information generated from a GNSS survey, with sufficient information to write a task specific specification for a GNSS survey which sets out the accuracy requirements, products and a scope of work, from which the surveyor can accurately produce a bid for the survey.<br/><br/>The new global 3rd edition features fully revised and updated sections on GNSS survey methods, control and errors, coordinate reference systems and projections, and a strong emphasis on quality control and office/processing procedures.<br/><br/> |
| 520 ## - SUMMARY, ETC. | |
| Summary, etc. | There are other RICS publications related to the full range of geospatial/land surveying services such as:<br/><br/>Measured Surveys of Land, Buildings and Utilities (3rd Edition) 2014<br/>Earth observation and aerial surveys (6th Edition) 2021 |
| 520 ## - SUMMARY, ETC. | |
| Summary, etc. | Supersedes second edition (ISBN 9781842196076). |
| 520 ## - SUMMARY, ETC. | |
| Summary, etc. | In March 2023 a consultation went out for a 3rd edition |
| 520 ## - SUMMARY, ETC. | |
| Summary, etc. | Finalised 3rd edition published May 2023 Effective 18 June 2023. |
| 650 ## - SUBJECT ADDED ENTRY--TOPICAL TERM | |
| Topical term or geographic name entry element | LAND SURVEYING |
| 650 ## - SUBJECT ADDED ENTRY--TOPICAL TERM | |
| Topical term or geographic name entry element | GLOBAL NAVIGATION SATELLITE SYSTEMS |
| 650 ## - SUBJECT ADDED ENTRY--TOPICAL TERM | |
| Topical term or geographic name entry element | MAPPING |
| 651 #4 - SUBJECT ADDED ENTRY--GEOGRAPHIC NAME | |
| Geographic name | International |
| 690 ## - LOCAL SUBJECT ADDED ENTRY--TOPICAL TERM (OCLC, RLIN) | |
| Topical term or geographic name as entry element | Geomatics |
| 9 (RLIN) | 6242 |
| 700 ## - ADDED ENTRY--PERSONAL NAME | |
| Personal name | Edwards, Stuart |
| 700 ## - ADDED ENTRY--PERSONAL NAME | |
| Personal name | Pearson, Christopher |
| 700 ## - ADDED ENTRY--PERSONAL NAME | |
| Personal name | Penna, Nigel |
| 710 ## - ADDED ENTRY--CORPORATE NAME | |
| 9 (RLIN) | 4900 |
| Corporate name or jurisdiction name as entry element | Royal Institution of Chartered Surveyors |
| 856 41 - ELECTRONIC LOCATION AND ACCESS | |
| Uniform Resource Identifier | <a href="https://www.rics.org/profession-standards/rics-standards-and-guidance/sector-standards/land-standards/guidelines-for-the-use-of-gnss-in-land-surveying-and-mapping">https://www.rics.org/profession-standards/rics-standards-and-guidance/sector-standards/land-standards/guidelines-for-the-use-of-gnss-in-land-surveying-and-mapping</a> |
| Public note | Available free on RICS.org |
| 942 ## - ADDED ENTRY ELEMENTS (KOHA) | |
| Suppress in OPAC | 0 |
| Source of classification or shelving scheme | Dewey Decimal Classification |
| Withdrawn status | Lost status | Source of classification or shelving scheme | Damaged status | Not for loan | Home library | Current library | Date acquired | Total Checkouts | Full call number | Date last seen | Price effective from | Koha item type |
|---|---|---|---|---|---|---|---|---|---|---|---|---|
| Dewey Decimal Classification | Virtual | Virtual | 23/05/2023 | ONLINE PUBLICATION | 23/05/2023 | 23/05/2023 | Online material |